Spoken English (Record no. 156740)

MARC details
000 -LEADER
fixed length control field 00505nam a22001937a 4500
003 - CONTROL NUMBER IDENTIFIER
control field dpl
005 - DATE AND TIME OF LATEST TRANSACTION
control field 20180830171931.0
008 - FIXED-LENGTH DATA ELEMENTS--GENERAL INFORMATION
fixed length control field 180830b xxu||||| |||| 00| 0 eng d
010 ## - LIBRARY OF CONGRESS CONTROL NUMBER
LC control number B-62092
020 ## - INTERNATIONAL STANDARD BOOK NUMBER
International Standard Book Number 8125910837
Terms of availability 00
035 ## - SYSTEM CONTROL NUMBER
System control number B-62092
040 ## - CATALOGING SOURCE
Transcribing agency 00
100 ## - MAIN ENTRY--PERSONAL NAME
Personal name sreevalsan,M C
245 ## - TITLE STATEMENT
Title Spoken English
260 ## - PUBLICATION, DISTRIBUTION, ETC. (IMPRINT)
Place of publication, distribution, etc New delhi
Name of publisher, distributor, etc vikas publishing house pvt Ltd
Date of publication, distribution, etc 2002
270 ## - ADDRESS
Address 576,Masjid road jangpura,
City New Delhi
Postal code 110014
300 ## - PHYSICAL DESCRIPTION
Extent xi,362p
Dimensions 22cm
942 ## - ADDED ENTRY ELEMENTS (KOHA)
Source of classification or shelving scheme Dewey Decimal Classification
Koha item type English Books
Call number suffix 480-SRC
Holdings
Withdrawn status Lost status Source of classification or shelving scheme Damaged status Not for loan Collection code Home library Current library Date acquired Source of acquisition Cost, normal purchase price Total Checkouts Full call number Barcode Date last seen Price effective from Koha item type
    Dewey Decimal Classification     Non-fiction Shahdara Branch Shahdara Branch 30/08/2018 BPPD/PUB 0.00   480-SRC B-062092 30/08/2018   English Books

© Delhi Public Library
Hit Counter
free hit counter